[Event "Abu Dhabi op 13th"]
[Site "Abu Dhabi"]
[Date "2003.08.23"]
[Round "7"]
[White "Bakre, Tejas"]
[Black "Hasangatin, Ramil"]
[Result "0-1"]
[WhiteElo "2434"]
[BlackElo "2515"]
[Annotator "Ribli,Z"]
[PlyCount "90"]
[EventDate "2003.08.16"]
[EventType "swiss"]
[EventRounds "9"]
[EventCountry "UAE"]
[SourceTitle "CBM 097"]
[Source "ChessBase"]
[SourceDate "2003.11.11"]
[SourceVersion "1"]
[SourceVersionDate "2003.11.11"]
[SourceQuality "1"]

1. e4 c5 2. c4 $6 {Mit diesem wirklich genügsamem Zug vermeidet Weiß die
Hauptvarianten und strebt geschlossene Stellungen an.} Nc6 3. Nc3 (3. Nf3 e5 {
Die Stellung ist symmetrisch, aber in folgendem kann Schwarz d6, Nge7, g6, Bg7
und f7-f5 spielen, während Weiß nicht f2-f4 ziehen kann.}) 3... g6 4. g3 Bg7 {
[%csl Yd4]} 5. Bg2 {Der d4-Punkt ist schwach in der weißen Stellung, aber er
kontrolliert stark das Feld-d5.} a6 {Schwarz spielt auf sofortiges b7-b5, er
hat noch Zeit für die Entwicklung des Königsflügels.} 6. a3 (6. Nge2 b5 $5 (
6... Rb8 7. a4 e6 8. d3 Nge7 9. Be3 Nd4 10. Bf4 d6 11. Nxd4 $11) 7. d3 Rb8 8.
O-O d6 9. f4 Bd7 10. Kh1 Nf6 11. Rb1 O-O 12. b3 Qc8 13. f5 gxf5 14. Bg5 bxc4
15. Bxf6 Bxf6 16. dxc4 fxe4 17. Rxf6 exf6 18. Nxe4 Bh3 {0-1 Nazarov,A-Sermek,D/
Bled 2002/EXT 2003 (37)}) 6... Rb8 7. Rb1 b5 8. cxb5 axb5 9. b4 Ne5 $5 {
[%csl Yd3][%cal Ge5d3,Gd3e1][%mdl 4] Schwarz benutzt, dass der d3-Punkt ist
schwach.} (9... c4 10. Nge2 Ne5 11. O-O Nd3 12. a4 bxa4 13. Qxa4 Bb7 14. b5 Qc8
15. b6 Ra8 16. Qb5 e6 17. Bb2 Nxb2 18. Rxb2 Ne7 19. Rb4 Nc6 20. Ra4 Rxa4 21.
Qxa4 Nd4 22. Nxd4 Bxd4 23. Nb5 Qc6 24. Rc1 $16 {0-1 Johansson,M-Lind,J/Gotland
1997/CBM 57 ext (68)}) 10. Bf1 {Wenn Weiß einen solchen Zug machen muss, zeigt
das, dass die Eröffnung nicht ganz gut für Weiß verlaufen ist...} (10. d3 c4
11. dxc4 bxc4 $36) 10... c4 $36 (10... d5 $5 11. Nxd5 (11. Nxb5 dxe4 $44) (11.
exd5 Bf5 $44) 11... c4 $44) 11. f4 (11. d4 cxd3 12. Bxd3 Nf6 13. Nf3 Nxd3+ 14.
Qxd3 Qb6 15. O-O d6 $15 {[%csl Yf3,Yg2,Yh3]}) 11... Nd3+ 12. Bxd3 cxd3 $15 {
[%csl Gc8,Gg7][%cal Gc8b7,Gb7h1] Schwarz hat das Läuferpaar und es gibt einige
Schwächen in der weißen Stellung. Der d3P paralysiert die weiße Stellung.} 13.
Qf3 (13. Nf3 Bb7 14. Bb2 Bxc3 (14... Nf6 15. e5 Ng8 $15) 15. Bxc3 Nf6 16. Bxf6
exf6 $15) 13... Bxc3 $1 {Gewöhnlich, wenn mann Bg7 spielt, hält man den Läufer
auf dem Brett, aber hier ist die Aufgabe des Läufers eine gute Entscheidung.
In folgendem werden der e4P und besonders die weißfarbigen Punkte wsehr
schwach in der weißen Stellung.} 14. dxc3 Nf6 (14... Bb7 $17 15. Qxd3 $2 f5 $19
) (14... f5 $17) 15. Nh3 d5 {[%csl Re4][%cal Rc8h3]} (15... Bb7 16. Nf2 Nxe4
17. Nxe4 f5 $19) 16. Nf2 dxe4 $17 {[%csl Gd3,Ge4] Schwarz hat überlegenes
Spiel auf den weißfarbigen Feldern.} 17. Qe3 $6 (17. Nxe4 Nxe4 18. Qxe4 Bb7 19.
Qe5 O-O $17) 17... O-O 18. O-O Bf5 (18... Bb7 $17) 19. Bd2 Nd5 $19 {Mit den
Bauern d3-e4 und mit aktivem Figurenspiel steht Schwarz schon auf Gewinn.} 20.
Qd4 Nb6 {[%csl Yc4][%cal Gb6c4]} (20... Rc8 $19) 21. g4 Qxd4 (21... Nc4 $19)
22. cxd4 Nc4 23. Bc3 e3 $5 {Dieser Zug ist schön und führt zu Komplikationen -
es wäre einfacher 23...Bd7 zu spielen.} (23... Bd7 $1 24. Nxe4 Bxg4 $19) 24.
gxf5 d2 25. Rfd1 (25. Ne4 e2 26. fxg6 fxg6 27. Nxd2 exf1=Q+ 28. Rxf1 Ne3 $19)
25... Ra8 {[%csl Gd2,Ge3] Die Bauern d2 und e3 sind so stark, dass Schwarz
nicht auf f2 nimmt.} (25... exf2+ 26. Kxf2 Ra8 $17) 26. Ne4 Rxa3 (26... Nxa3
27. Ra1 Nc2 28. Rxa8 e2 29. Rxf8+ Kxf8 30. Nf2 e1=Q+ 31. Rxe1 dxe1=Q+ 32. Bxe1
Nxe1 33. fxg6 hxg6 $17 {[%cal Ge1c2,Gc2d4,Gc2b4]}) 27. f6 (27. fxg6 fxg6 $17)
27... exf6 28. Bxd2 exd2 29. Nxd2 Ne3 $17 {Nach Vereinfachungen hat Schwarz
einen Bauern mehr und alle weißen Bauern sind schwach.} 30. Rdc1 Rd3 31. Nb3
Ra8 {[%csl Ga8,Gd3,Ge3][%cal Ga8a2,Ga2h2]} (31... Nd5 $19 {[%cal Rd5b4,Rc5f4]})
32. Rb2 Nc4 33. Rbb1 Ra3 (33... Ra2) 34. Na5 Nxa5 35. bxa5 Rxa5 {[%mdl 4096]
In Turmendspielen hat der Verteidiger immer einige Rettungschancen, aber nicht
hier, jetzt hat Schwarz schon zwei Bauern mehr.} 36. Rc8+ Kg7 37. Rd8 Ra4 (
37... Rd2 38. d5 Raa2 $19) 38. d5 b4 39. d6 b3 40. d7 Rad4 (40... Rxf4 41. Rxb3
Rxb3 42. Re8 Rd4 43. d8=Q Rxd8 44. Rxd8 Rb2 $19) 41. Rb8 Rxd7 42. R8xb3 Rxb3
43. Rxb3 Rd4 44. Rf3 (44. f5 g5 $19 (44... Rd2 $19)) 44... g5 45. fxg5 (45. f5
Rf4 $19) 45... fxg5 0-1

[Event "Capablanca Memorial Elite 31st"]
[Site "Cienfuegos"]
[Date "1996.??.??"]
[Round "12"]
[White "Miles, Anthony John"]
[Black "Arencibia Rodriguez, Walter"]
[Result "1-0"]
[WhiteElo "2635"]
[BlackElo "2515"]
[Annotator "Ribli,Z"]
[PlyCount "71"]
[EventDate "1996.05.??"]
[EventType "tourn"]
[EventRounds "13"]
[EventCountry "CUB"]
[EventCategory "12"]
[SourceTitle "CBM 054"]
[Source "ChessBase"]
[SourceDate "1996.10.01"]
[SourceVersion "1"]
[SourceVersionDate "1996.10.01"]
[SourceQuality "1"]

1. c4 {Kanstler} c5 2. g3 g6 3. Bg2 Bg7 4. Nc3 Nc6 5. a3 Nh6 $6 {Eine
exzentrische Zug.5.-,a6 ist natuerlicher,und besser.} (5... a6 {Kanstler} 6.
Rb1 (6. b4 Nxb4 7. axb4 cxb4 8. d4 bxc3 9. e3) 6... Rb8 7. b4 cxb4 8. axb4 b5
9. cxb5 axb5 10. Nf3 d5 11. d4 e6 12. Bf4 Rb6 13. e4 $14 {Kasparov,G-Kramnik,V/
New York(rapid)/1995/0,5/31/}) (5... e6 {Kanstler} 6. b4 Nxb4 7. axb4 cxb4 8.
d4 bxc3 9. e3 Ne7 10. Ne2 d5 11. Nxc3 dxc4 12. O-O O-O 13. Ba3 $44 {Gurevich,
M-Yudasin,L/Haifa/1995/0:1/46/}) (5... e5 {Kanstler} 6. b4 d6 7. Rb1 Nge7 8. d3
O-O 9. bxc5 dxc5 10. Qa4 Rb8 11. Be3 Nd4 $13 {Fauland,A-Bellon Lopez,J/Haifa/
1989/0,5/31/}) (5... Nf6 {Kanstler} 6. Qa4 O-O 7. Rb1 a5 8. b4 cxb4 9. axb4
Nxb4 10. Ba3 d6 11. Bxb4 Bd7 12. Qb3 axb4 13. Qxb4 Bc6 14. Nf3 Ne4 $10 {
Miles,A-De Firmian,N/Biel/1989/}) (5... d6 {Kanstler} 6. Rb1 a5 7. Nf3 e5 8. d3
(8. O-O Nge7 9. Ne1 Be6 10. d3 O-O 11. Nc2 d5 12. cxd5 Nxd5 $13) 8... Nge7 9.
Nd2 Be6 10. Nf1 O-O 11. Ne3 Bh6 12. Ned5 Bxc1 13. Qxc1 Kg7 $10 {Hodgson,J-De
Firmian,N/Biel/1995/0,5/24/}) 6. Rb1 a5 7. e3 Nf5 8. Nge2 d6 (8... h5 9. b3 h4
10. g4 Nh6 11. h3 f5 12. g5 Nf7 13. f4 e5 14. O-O d6 15. Nd5 $14 {Stanec,
N-Kaspret,G/Oberwart op/1992/}) (8... O-O 9. O-O Rb8 10. Nb5 b6 11. d4 Ba6 12.
b3 cxd4 13. e4 Nh6 14. Nexd4 Nxd4 15. Nxd4 a4 16. Nb5 $36 {Stanec,N-Van Wely,L/
Vienna op/1991/EXP25/}) 9. b3 O-O 10. Bb2 Bd7 11. O-O Rb8 (11... e5 $6 {
Kanstler} 12. Nb5 {/\ 13.d4+/=/}) 12. Nb5 $1 {Weiss tauscht die beste schwarze
Figur.} Bxb2 13. Rxb2 Ne5 (13... e5 $6 {Kanstler} 14. d4 exd4 15. exd4 Qf6 16.
Rd2 $16) 14. Nec3 {Jetzt hat Weiss klaren positionellen Vorteil:droht d4,und
das Feld b5 ist merklich schwach.} (14. d4 $6 {Kanstler} cxd4 15. exd4 (15.
Nbxd4 a4 $15) 15... Bxb5 16. dxe5 Bc6 $10) 14... Bxb5 {Statt dessen 14.-,Nd3
ist nur scheinbar aktiv,nach l5.Rc2 oder 15.Rbl kommt 16.Qe2,und l7.d3.} 15.
Nxb5 $16 a4 $6 (15... Nc6 16. d4 cxd4 17. exd4 e5 18. d5 (18. dxe5 dxe5 19. Rd2
Nfd4 (19... Ncd4 20. g4 Nh4 21. Nxd4 exd4 22. Rxd4) 20. Bxc6 bxc6 21. Nxd4 exd4
22. Rxd4 $16) 18... Ncd4) 16. d4 Nc6 17. b4 (17. bxa4 $6 {Kanstler}) 17... cxd4
18. exd4 Qb6 19. Rd2 Rfd8 20. Re1 {Weiss hat grosse Uebergewicht im Zentrum,
und Schwarz ist ohne Gegenspiel. /\ 21.Bf1,22.c5+-/} d5 21. c5 Qa6 22. Bf1 Qa8
{Erzwungen,aber das ist der passievste Platz fuer die Dame.} 23. Nc7 Qa7 24.
Nb5 Qa8 25. g4 Ng7 26. Nc7 Qa7 27. Nb5 Qa8 28. Rd3 (28. Nc3 {Kanstler /\ 29.
Na4+/-/}) 28... Ne6 {Natuerlich Schwarz ist total verloren,aber doch 28.
Ne8ware besser.} 29. Rxe6 $1 fxe6 30. Nc7 Qa7 31. Nxe6 {Und Weis gewinnt durch
direkten Angriff gegen den Koenig.} Re8 32. Rh3 Nd8 33. Qe1 b5 34. Qe5 Nxe6 35.
Qxe6+ Kg7 36. Bd3 {Droht 37.Rxh7 Kxh7 38.Qxg6 und 39.Qh7 matt.} (36. Bd3 Rg8
37. Qe5+ Kf8 38. Rxh7 $18) 1-0

[Event "Bled op 13th"]
[Site "Bled"]
[Date "1992.??.??"]
[Round "8"]
[White "Ivacic, Vladimir"]
[Black "Sher, Miron Naumovich"]
[Result "0-1"]
[WhiteElo "2305"]
[BlackElo "2475"]
[Annotator "Ribli,Z"]
[PlyCount "158"]
[EventDate "1992.03.??"]
[EventType "swiss"]
[EventRounds "9"]
[EventCountry "SLO"]
[SourceTitle "CBM 029"]
[Source "ChessBase"]
[SourceDate "1992.08.01"]
[SourceVersion "1"]
[SourceVersionDate "1992.08.01"]
[SourceQuality "1"]

1. c4 g6 2. Nc3 Bg7 3. g3 Nf6 4. Bg2 O-O 5. e4 c5 6. Nge2 Nc6 7. O-O Ne8 8. Rb1
Nc7 9. a3 Ne6 (9... a5 $5 10. d3 d6 11. Be3 (11. f4 Bd7 (11... Bg4 $5) 12. Be3
Rb8 13. a4 Nd4 14. h3 f5 15. Nb5 Ncxb5 $13 {remis Schmittdiel,E-Volke,K FRG-ch
1991 CBM/24}) 11... Bd7 12. Nd5 Ne6 13. b4 axb4 14. axb4 b6 15. Qd2 Ra3 16. h3
Ned4 17. bxc5 Nxe2+ 18. Qxe2 bxc5 19. Rb7 Nd4 $13 {Sunye Neto,J-Fiorito,F
Buenos Aires 1990 EXP/20}) 10. b4 d6 11. d3 Ned4 (11... Rb8 12. Be3 b6 13. f4
Ned4 14. b5 Na5 $6 (14... Nxe2+ 15. Nxe2 Nd4) 15. h3 f5 16. Kh2 Kh8 17. Bd2 e6
18. Ng1 fxe4 19. Nxe4 d5 20. Ng5 Nb7 21. N1f3 Nd6 22. Ne5 $14 {Ye
Rongguang-Spasov,V Manila izt 1990 49/58 CBM/19}) 12. Nxd4 (12. Be3 Rb8 13. h3
Bd7 14. Kh2 b6 15. f4 a6 $1 16. Qd2 $13 {Ye Rongguang-Nunn,J WchT Luzern 1989
48/55 CBM/16}) 12... Nxd4 13. Ne2 Nc6 14. Be3 Nd4 15. Qd2 Rb8 16. f4 b6 17. Kh1
(17. h3 $5 Bd7 18. Kh2) 17... Bd7 18. Nxd4 cxd4 19. Bg1 f5 $1 20. b5 Qc7 21. a4
Kh8 22. Ra1 e5 23. a5 Rbe8 24. axb6 axb6 25. Qb2 Bc8 26. Ra8 fxe4 27. dxe4 (27.
Bxe4 Bb7 28. Rxe8 Bxe4+ 29. dxe4 Rxe8 $13) 27... Bb7 (27... Qxc4 28. Rc1 Qg8
29. Rc6 $146) 28. Rxe8 Rxe8 29. Rc1 Qc5 $1 30. fxe5 dxe5 31. Bf2 Bf8 $1 $15 32.
Be1 Bd6 33. Qb3 Rf8 34. Ra1 Rf7 35. h4 Kg7 36. Kh2 Qc7 37. Qd3 Bc5 38. Ra2 Qd8
39. Rf2 Rxf2 40. Bxf2 Qf8 41. Kg1 Qa8 42. g4 h6 43. Bf3 g5 44. hxg5 hxg5 45.
Kg2 Bc8 46. Be2 Be6 47. Bg3 Bd6 48. Kh3 Qa2 49. Bh2 Qb2 50. Bg3 Qc1 51. Kg2 Kf6
52. Kf2 Ke7 53. Kg2 Qb2 54. Kh3 Qc3 55. Bf1 Qc1 56. Be2 Bf7 57. Kg2 Bg6 58. Bh2
Ke6 59. Kh3 Bc5 60. Kg2 Bb4 61. Bg3 Qb2 62. Kh3 Qa3 63. Qb1 Bd2 64. Kg2 Qb4 65.
Qxb4 Bxb4 66. Bd3 Kd6 67. Kf3 Bf7 68. Ke2 Be6 69. Kf3 Bd2 70. Bf1 Bf4 71. Bxf4
exf4 72. Be2 Bd7 73. Bf1 Ke5 74. Be2 Be6 75. Bd3 Bc8 76. Be2 d3 $1 77. Bxd3 Kd4
78. Bb1 Kxc4 79. e5 Kd4 0-1

[Event "Politiken Cup 18th"]
[Site "Copenhagen"]
[Date "1996.??.??"]
[Round "9"]
[White "Krasenkow, Michal"]
[Black "Brynell, Stellan"]
[Result "1-0"]
[WhiteElo "2610"]
[BlackElo "2445"]
[Annotator "Ribli,Z"]
[PlyCount "67"]
[EventDate "1996.06.??"]
[EventType "swiss"]
[EventRounds "11"]
[EventCountry "DEN"]
[SourceTitle "CBM 054"]
[Source "ChessBase"]
[SourceDate "1996.10.01"]
[SourceVersion "1"]
[SourceVersionDate "1996.10.01"]
[SourceQuality "1"]

1. c4 {Chekhov} c5 2. Nc3 Nc6 3. g3 g6 4. Bg2 Bg7 5. a3 e6 6. b4 $5 {Eine sehr
scharfe Fortsetzung in dieser auf den ersten Blick recht symmetrischen
Variante.} Nxb4 (6... d6 $5 {Chekhov} 7. Rb1 Nge7 8. Nh3 O-O 9. Nf4 Rb8 10.
bxc5 dxc5 11. Bb2 b6 12. O-O Bb7 $10 {Platonov,I-Karpov,An/Riga/1970/0,5/29/})
7. axb4 cxb4 8. d4 (8. Nb5 {Chekhov} Bxa1 9. Qa4 Bf6 (9... Be5 $6 10. Nf3 Bb8
11. Bb2 f6 12. h4 a5 13. h5 gxh5 14. Rxh5 $44 {Hodgson,J-Gulko,B/Groningen/
1994/1|0/30/}) 10. d4 a6 11. Nd6+ Kf8 12. Nf3 Be7 13. Qxb4 a5 14. Qc5 f6 15. h4
h5 16. O-O Nh6 17. e4 Nf7 18. e5 Bxd6 19. exd6 b6 20. Qa3 Ba6 $17 {Lobron,
E-Kavalek,L/Bochum/1981/0|1/39/}) 8... bxc3 9. e3 (9. Nf3 {Chekhov} Ne7 10. Ba3
O-O 11. Bd6 a5 12. Qb3 Ra6 13. Qa3 Re8 14. e4 b6 15. Qxc3 Bb7 16. e5 Nf5 17.
Ba3 Qa8 $17 {Shvidler,E-Gurevich,D/Beer-Sheva/1987/0|1/26/}) 9... Ne7 10. Ne2
d5 (10... O-O 11. Nxc3 Qc7 12. Qb3 a6 13. Ba3 d6 14. O-O $44 {Masculo,
J-Gurevich,D/New York op/1991/CBM23/} (14. O-O {Chekhov} Rb8 15. Rfc1 (15. Rab1
Bd7 $15 {Masculo,J-Gurevich,D/New York/1991/0|1/46/}) 15... Rd8 16. Rab1 Nf5
17. Qb6 $44 {Dunnington,A-Slutzkin,U/Sevilla/1989/1|0/36/})) 11. cxd5 $1 (11.
Nxc3 dxc4 12. O-O O-O 13. Ba3 a6 14. Qe2 $44 {Gurevich,M-Yudasin,L/Haifa/1995/
CBM46/INF63,40/} (14. Qe2 {Chekhov} Qc7 15. Rfc1 Ra7 16. Qb2 Re8 17. Bc5 Ra8
18. Qb4 $44 {Gurevich,M-Yudasin,L/Haifa/1995/0|1/46/})) 11... Nxd5 12. Ba3 Bf8
{Es ist logisch, diesen gefährlichen Läufer zu tauschen.} 13. Bxf8 $146 (13.
O-O Bxa3 14. Rxa3 Bd7 15. e4 Ne7 16. Nxc3 $44 {Smyslov,V-Hartston,J/Hastings/
1972/}) 13... Kxf8 14. Qb3 Kg7 15. O-O {Weiß hat momentan zwei Bauern weniger,
aber einen gewinnt er zurück, und für den anderen bekommt er langfristigen
Druck am Damenflügel.} b6 16. e4 Nf6 17. e5 Nd5 18. Nxc3 Bb7 19. Nb5 {Der
weisse Springer zielt auf das schwache Feld d6.} Qb8 (19... a6 20. Nd6 Qe7 21.
Rfc1 (21. Bxd5 Bxd5 22. Qxb6 Qa7 $132) 21... Rhd8 22. Qa3 Rd7 $132) 20. Rfc1 a6
(20... Rd8 21. Qa3 (21. Rc2 {Chekhov} a6 22. Nd6 Rxd6 23. exd6 Qxd6 $146)) 21.
Nd6 Rd8 22. Qa3 Ra7 (22... Rd7 {Chekhov} 23. Bxd5 (23. Rc2 Qf8 24. Rac1 Rad8
$132) 23... Bxd5 24. Rc8 Qa7 $2 (24... Qxc8 25. Nxc8 Rxc8 26. Qxa6 Rdc7 $44)
25. Ne8+ $18) 23. Ra2 Ba8 24. Bxd5 $1 Bxd5 25. Rac2 $18 {Schwarz ist hilflos
gegen die Drohungen. Sein Koenig befindet sich in einer schwierigen Position.}
b5 26. Rc8 Qb6 (26... Rxc8 {Chekhov} 27. Rxc8 Qb6 28. Ne8+ Kh6 29. Qe3+ g5 30.
h4 $18) 27. Rxd8 Qxd8 28. Rc8 Qe7 (28... Qg5 {Chekhov} 29. Ne8+ Kh6 30. Qf8+
Kh5 31. Nf6+ $18) 29. Qc1 Ra8 30. Rc7 Qf8 31. Qf4 (31. Rxf7+ $2 Qxf7 32. Nxf7
Kxf7 33. Qc7+ Kg8 {und Schwarz lebt noch.}) 31... Kh8 32. Rxf7 Qd8 33. Qh6 Qg8
34. Rc7 (34. Rc7 Rf8 35. Rxh7+ Qxh7 36. Qxf8+ Qg8 37. Nf7+ Kh7 38. Qh6#) 1-0

[Event "Sigeman & Co 04th"]
[Site "Malmo"]
[Date "1996.??.??"]
[Round "2"]
[White "Miles, Anthony John"]
[Black "Bellon Lopez, Juan Manuel"]
[Result "1-0"]
[WhiteElo "2635"]
[BlackElo "2505"]
[Annotator "Ribli,Z"]
[PlyCount "123"]
[EventDate "1996.06.??"]
[EventType "tourn"]
[EventRounds "9"]
[EventCountry "SWE"]
[EventCategory "12"]
[SourceTitle "CBM 054"]
[Source "ChessBase"]
[SourceDate "1996.10.01"]
[SourceVersion "1"]
[SourceVersionDate "1996.10.01"]
[SourceQuality "1"]

1. c4 {Hecht Bykhovsky,Av} c5 2. g3 g6 3. Bg2 Bg7 4. Nc3 Nc6 5. a3 d6 6. Rb1 e5
(6... h5 7. h3 Nh6 8. e3 e5 9. d3 f5 10. Nd5 Be6 11. b4 cxb4 12. axb4 Ne7 $13 {
Lautier,J-Topalov,V/Amsterdam Euwe-mem/1995/CBM47/}) (6... Qd7 $5 7. b4 Bxc3 $5
8. dxc3 Nf6 9. Nf3 O-O 10. O-O {Hickl,J-Schlosser,P/Baden Baden-B/1992/CBM33/})
(6... a5 $5 {Bykhovsky,Av} 7. d3 e6 8. e4 Nge7 9. Nge2 O-O 10. h4 h6 $10 {
Urday,H-Milos,G/Buenos Aires/1996/0:1/41/}) 7. b4 Nge7 8. d3 O-O 9. e3 (9. bxc5
) 9... Rb8 (9... f5 {Bykhovsky,Av} 10. Nge2 Rb8 11. O-O Be6 12. Nd5 b5 $13 {
Mascullo,J-Marconnet,R/Chicago/1991/1:0/37/}) 10. Nge2 Be6 11. b5 Na5 12. e4 $5
$14 {Kasparov hat 12.Bd2 gezogen, und nach 12...b6 13.0-0 Nb7 l4.e4 steht Weiß
ein wenig besser. Kasparov - Karpov,Sevilla l987. Später hat Kasparov diese
Stellung gewonnen.} (12. Bd2 b6 13. O-O Nb7 14. e4 Kh8 15. Qc1 f5 16. Bg5 Qe8
17. Bxe7 Qxe7 18. exf5 Bxf5 19. Nd5 Qd7 20. Qd2 $16 {Kasparov,G-Karpov,A/
Sevilla/1987/1:0/50/}) 12... f5 13. Bg5 h6 $6 (13... Bf6 $5 {Sieht logischer
aus als die Partiefortsetzung. Es wäre vorteilhaft für Schwarz, den
schwarzfeldrigen Läufer abzutauschen.}) 14. Bxe7 Qxe7 15. exf5 gxf5 16. Nd5 {
Das ist ein ewiges Feld fur Weiss. Der schwarze Springer auf a5 hat keine
Perspektive.} Qd7 17. O-O b6 18. Qc2 Nb7 19. f4 $1 Nd8 20. Rf2 Kh8 (20... Nf7
$5 {Bykhovsky,Av}) 21. Rbf1 Bg8 22. Kh1 {Weiss hat viel Zeit, er macht alle
nützlichen profilaktischen Züge und startet seine konkrete Aktion erst im
günstigsten Moment.} Ne6 23. Qd2 (23. fxe5 {Bykhovsky,Av} Bxe5 24. Rxf5 Rxf5
25. Rxf5 Nd4 26. Nxd4 Bxd4 $14) 23... Bh7 24. a4 $1 {Positionell sehr schön
gespielt Weiss gewinnt noch ein wenig Raum am Damenflügel.} Rbe8 25. a5 bxa5 {
Strategisch sehr riskant, aber Schwarz verliert seine Geduld.} 26. Qxa5 exf4
27. Nexf4 Nxf4 28. Nxf4 Re7 29. Ra2 Qc8 30. Qd2 Be5 31. Ra6 $16 Qe8 32. Nd5 Rg7
33. Qxh6 Qd7 34. Nf4 Rf6 35. Qh5 Bxf4 36. Rxf4 Re7 37. Ra1 Rf8 38. Raf1 Qe8 39.
Qd1 (39. Qxe8 {Bykhovsky,Av} Rfxe8 40. Bh3 $18) 39... Rg8 40. Qa1+ Rgg7 41. Rh4
(41. Be4 $5) (41. Be4 $18 {Bykhovsky,Av}) 41... Re3 42. Qf6 Qe7 43. Rxh7+ {
Fuer Weiss ist die Aktivitat wichtiger als das Material. Es ist richtig, dass
Schwarz etwas für den Bauern hat.} (43. Rxf5 $5 Re1+ 44. Bf1 (44. Rf1 $4 Qxf6))
43... Kxh7 44. Qxf5+ Kh8 45. Be4 {Jetzt droht 46.Qh5 Kg8 47.Bd5.} Rg5 46. Qf4
Re2 47. h4 (47. Qf6+ Qxf6 48. Rxf6 Rh5 49. h4) 47... Qe6 48. Kg1 Rg4 49. Qf8+ (
49. Qf3 $5) 49... Rg8 50. Qf3 Qg4 51. Qf6+ Qg7 52. Bg6 Rd2 53. h5 Qxf6 54. Rxf6
Rxd3 {Die einzige Gegenchance! Sonst ist die Stellung verloren.} 55. Bxd3 Rxg3+
56. Kf2 Rxd3 {[%csl Ra7,Rd6] Hecht: Verlustmerkmale für Schwarz:
Bauernschwächen und 7.Reihe absolut mit unheil- barer schlechter s K-Stellung}
57. Rf7 {[%cal Ge7a7,Gg7h7]} d5 $2 (57... Ra3 58. Rf8+ (58. Ke2 {Bykhovsky,Av})
(58. Ke2 {Hecht} Kg8 59. Rd7 Kf8 60. Kd2 $18) 58... Kg7 59. Ra8 Ra5 60. Ke3)
58. Rxa7 $18 Rb3 (58... dxc4 {Hecht} 59. b6 Rb3 60. b7 $18) 59. cxd5 Rxb5 60.
d6 Rb8 61. Re7 Kg8 62. h6 {Ribli} 1-0

[Event "Baden-Baden-B"]
[Site "Baden-Baden"]
[Date "1992.12.15"]
[Round "10"]
[White "Hickl, Joerg"]
[Black "Schlosser, Philipp"]
[Result "1-0"]
[WhiteElo "2540"]
[BlackElo "2500"]
[Annotator "Ribli,Z"]
[PlyCount "117"]
[EventDate "1992.12.??"]
[EventType "tourn"]
[EventRounds "11"]
[EventCountry "GER"]
[EventCategory "11"]
[SourceTitle "CBM 033"]
[Source "ChessBase"]
[SourceDate "1993.04.01"]
[SourceVersion "1"]
[SourceVersionDate "1993.04.01"]
[SourceQuality "1"]

1. g3 c5 2. Bg2 Nc6 3. c4 g6 4. Nc3 Bg7 5. a3 d6 6. Rb1 (6. e3 Nf6 7. Nge2 O-O
8. O-O Rb8 9. b4 Bf5 10. d3 cxb4 11. axb4 Nxb4 12. e4 Bg4 13. Rxa7 Nd7 14. Ra3
Bxc3 $1 15. Rxc3 Na2 16. Rc2 Nxc1 17. Qxc1 Bxe2 18. Rxe2 b5 19. cxb5 Rxb5 20.
d4 Qb6 $15 {Seirawan,Y-Ivanchuk,V Tilburg4 1992 30' CBM/32}) 6... Qd7 (6... Nf6
7. Nh3 Nh5 8. d3 O-O 9. Nf4 Nxf4 10. Bxf4 h6 11. Qc1 Kh7 12. b4 $14 {Chernin,
A-Pekarek Praha 1989 48/51}) 7. b4 Bxc3 $5 8. dxc3 Nf6 9. Nf3 (9. Nh3 $5) 9...
O-O 10. O-O Qf5 $2 (10... b6 $1 11. b5 Na5 12. Ne5 dxe5 13. Bxa8 Qf5 $44) 11.
Bf4 Nd7 12. Ng5 Nb6 13. Bh3 Qf6 14. Ne4 Qg7 15. Bg2 Bf5 16. Qc1 Nxc4 17. bxc5 (
17. Bh6 Qe5 18. Bxf8 Bxe4 $44) 17... d5 (17... dxc5 18. Rxb7 $16) 18. Bh6 Qe5
19. Bxf8 Rxf8 20. Nd2 Qxe2 (20... Bxb1 21. Nxc4 $1 dxc4 22. Qxb1 $14) 21. Nxc4
Bxb1 22. Bxd5 Ba2 23. Re1 Qh5 24. Bxc6 bxc6 $6 (24... Bxc4 25. Bxb7 Qxc5 $15)
25. Ne5 Be6 26. h4 Rc8 27. Qf4 Qf5 28. Qxf5 Bxf5 29. f3 f6 30. g4 Bc2 31. Nc4
Kf7 32. Na5 h5 33. gxh5 gxh5 34. Kf2 Bf5 35. Re2 Rc7 36. Ke3 e5 $4 (36... Be6
$10) 37. Rd2 Ke7 38. Nc4 Rd7 39. Nd6 $18 Ke6 40. Rb2 Bh7 41. c4 f5 42. Rb8 f4+
43. Kf2 Rc7 44. a4 a5 45. Ra8 Rg7 46. Rxa5 e4 47. fxe4 Ke5 48. Ra8 Kd4 49. Rd8
Kxc5 50. a5 Kb4 51. a6 Ra7 52. e5 Rxa6 53. e6 Bg6 54. Kf3 Ra1 55. e7 Rf1+ 56.
Ke2 Ra1 57. Rg8 Ra7 58. Rxg6 Rxe7+ 59. Kf3 1-0